Tạp chí khoa học công nghệ xây dựng.

Na minha lista:
Detalhes bibliográficos
Formato: Periódico
Idioma:Vietnamese
Publicado em: Tp.HCM : Bộ Xây dựng.
Assuntos:
Tags: Adicionar Tag
Sem tags, seja o primeiro a adicionar uma tag!
Thư viện lưu trữ: Mạng thư viện Đại học Đà Nẵng
LEADER 00687cas a2200277 a 4500
001 000044202
003 2467
005 20110810091302.0
008 010217b vm 000 vie
022 |a 1859-1566 
040 |a IRC  |c IRC  |d IRC 
041 0 |a vie 
082 1 4 |a 620  |b Ta-C 
245 0 0 |a Tạp chí khoa học công nghệ xây dựng. 
260 |a Tp.HCM :  |b Bộ Xây dựng. 
300 |c 30 cm. 
650 0 4 |a Khoa học công nghệ  |x Xây dựng  |v Tạp chí. 
OWN |a DUT 
999 |a From the UDN01 
TYP |a Printed language 
980 |a Mạng thư viện Đại học Đà Nẵng